ikony na literę g fifa22 - Statystyki

Ogólne statystyki
  • Ten quiz został rozwiązany 107 razy
  • Średni wynik to 3 z 6
Statystyki odpowiedzi
odpowiedź % Poprawnych
gullit
61%
garrincha
58%
giggs
44%
gerrard
40%
gattuso
33%
guardiola
24%
Nie znaleziono quizów pasujących do podanych kryteriów
Rozkład punktacji
Procent ludzi z każdym wynikiem
Percentyl według liczby udzielonych odpowiedzi
Twoja historia wyników
Nie rozwiązałeś tego quizu